Automotive control systems : for engine, driveline, and vehicle

Guardat en:
Dades bibliogràfiques
Autor principal: Kiencke, U
Format: Sách
Idioma:Undetermined
Publicat: Springer 2005
Matèries:
Etiquetes: Afegir etiqueta
Sense etiquetes, Sigues el primer a etiquetar aquest registre!
Thư viện lưu trữ: Trung tâm Thư viện - Trường Đại học Công nghiệp TP. Hồ Chí Minh
LEADER 00492nam a2200157Ia 4500
001 UIH_00373
008 230809s9999 xx 000 0 und d
082 |a 629.23 
100 |a Kiencke, U 
245 0 |a Automotive control systems : for engine, driveline, and vehicle 
245 0 |c Kiencke, U 
260 |b Springer 
260 |c 2005 
650 |a Automobiles;Adaptive control systems; 
927 |a Sách 
980 |a Trung tâm Thư viện - Trường Đại học Công nghiệp TP. Hồ Chí Minh